000
00301nam a2200133Ia 4500
005
20251222144825.0
008
251222s9999||||xx |||||||||||||| ||spa||
020
_a
950-04-1848-7
082
_a
818.6/M43
100
_a
Mercer, Judy
245
0
_a
Recuerdos que Matan
264
_b
Emecé
942
_c
LIB
999
_c
20651
_d
20651